00277nam a22000977a 4500008004100000100002400041245004200065260004000107300001000147650002200157180709b xxu||||| |||| 00| 0 eng d aChakravarti, B. K.  aHotel Accomodation cB.K. Chakravarti aNew DhelibA.P.H. Publishing c2011 a247p. aHotel Management